| 000 | 00359nam a2200133Ia 4500 | ||
|---|---|---|---|
| 008 | 240624s9999 xx 000 0 und d | ||
| 041 | _aeng | ||
| 082 | _a330.0954 HEL | ||
| 100 | _aHELLER PETER | ||
| 245 | _aSUSTAINABLE FISCAL POLICY FOR INDIA AN I | ||
| 260 |
_c2008 _aNew Delhi _bOxford University press |
||
| 300 | _a454 : p. : cm. ; 24 | ||
| 365 |
_cRS _b30 |
||
| 999 |
_c12362 _d12362 |
||